| 000 | 00714nam a2200205 a 4500 | ||
|---|---|---|---|
| 008 | 110913s2001 ||||||||||||||||| || u | ||
| 020 | _a0736037012 | ||
| 050 | _aRA 781 ACT | ||
| 100 | _aMarcus, Bess H | ||
| 245 | 1 | 0 |
_aActive living every day _cby Steven N. Blair; [and others] |
| 260 |
_aChampaign, IL : _bHuman Kinetics _c2001 |
||
| 300 | _axiii,194p.: ill. | ||
| 350 | _a0.00 | ||
| 650 | _aPHYSICAL FITNESS | ||
| 650 | _aHEALTH | ||
| 650 | _aEXERCISE | ||
| 700 | _aDunn, Andrea L | ||
| 700 | _aBlair, Steven N | ||
| 995 |
_aMEDICAL LIBRARY OPEN ACCESS _D0.00 _e900553 _FCBU-SCHOOL OF MEDICINE LIBRARY (Ndola) _H1 _I0.00 _jRA 781 ACT _M1 _UAVAILABLE _WOct 14, 2011 _y900553 _ZMedical Library Open Access Collection |
||
| 999 |
_c30697 _d30697 |
||